• 首页
  • 本馆介绍
  • 公告通知
  • 最新文献
  • 馆藏检索
  • 电子资源
  • 读者导购
  • 参考咨询
  • 我的图书馆
  • 登录
  • 详细信息显示
  • 放入我的书架
  • 预约/预借图书
  • 作者相关作品
  • 分类相关作品
  • 丛书相关作品
  • 出版社相关作品

书目信息

  • 表格格式
  • 工作单格式
  • 卡片格式
题名:
中国式奋斗
    
 
作者: ;共青团北京市委 编
分册:  
出版信息: 北京   中国人民大学出版社  2016
页数: 284页
开本: 24cm
丛书名:
单 册:
中图分类: D432.7
科图分类:
主题词: 青年--qing nian--生活状况--调查研究--北京
电子资源:
ISBN: 978-7-300-22779-5
000 01057nam0 22002531 450
001 1761052057
005 20170619172002.0
010    @a978-7-300-22779-5@dCNY38.00
100    @a20160926d2016 em y0chiy50 ea
101 0  @achi
102    @aCN@b110000
105    @aa z 000yd
106    @ar
200 1  @a中国式奋斗@9zhong guo shi fen dou@e北京青年1%抽样调查@f共青团北京市委员会编
210    @a北京@c中国人民大学出版社@d2016
215    @a284页@c图@d24cm
300    @a大型社会调查纪实
330    @a本书通过讲述个体的精彩故事,结合“北京青年1%抽样调查”报告数据,既具体展现各类青年的生活现状、情感世界、奋斗精神以及独特的成长轨迹,又客观科学地呈现出他们的群体特征,以及他们作为北京现代化建设不可或缺的一分子,为繁荣北京、促进北京发展所起到的不可忽视的作用。
517 1  @a北京青年1%抽样调查@9bei jing qing nian 1%chou yang tiao cha
606 0  @a青年@9qing nian@x生活状况@x调查研究@y北京
690    @aD432.7@v5
711 02 @a共青团北京市委@9gong qing tuan bei jing shi wei@4编
801  0 @aCN@b百万庄@c20170619
905    @b1014123-8@dD432.7@e223@f6
    
    中国式奋斗:北京青年1%抽样调查/共青团北京市委员会编 .-北京:中国人民大学出版社,2016
    284页:图;24cm
    大型社会调查纪实
    
    ISBN 978-7-300-22779-5:CNY38.00
    本书通过讲述个体的精彩故事,结合“北京青年1%抽样调查”报告数据,既具体展现各类青年的生活现状、情感世界、奋斗精神以及独特的成长轨迹,又客观科学地呈现出他们的群体特征,以及他们作为北京现代化建设不可或缺的一分子,为繁荣北京、促进北京发展所起到的不可忽视的作用。
●
相关链接 在E读中查询图书 在五车中查询图书 在当当中查询图书 在豆瓣中查询图书


正题名:中国式奋斗     索取号:D432.7/223         预约/预借

序号 登录号 条形码 馆藏地/架位号 状态 备注
1 1014123   210141238   第一样本阅览室/ [索取号:D432.7/223] 在馆    
2 1014124   210141247   教育系资料室/ [索取号:D432.7/223] 在馆    
3 1014125   210141256   教育系资料室/ [索取号:D432.7/223] 在馆    
4 1014126   210141265   教育系资料室/ [索取号:D432.7/223] 在馆    
5 1014127   210141274   第一借阅区/ [索取号:D432.7/223] 在馆    
6 1014128   210141283   第一借阅区/ [索取号:D432.7/223] 在馆    
唐山师范学院图书馆 欢迎您!
大连网信软件有限公司© 版权所有